| 000 | 00561nam a22001817a 4500 | ||
|---|---|---|---|
| 005 | 20231107055714.0 | ||
| 008 | 231107b |||||||| |||| 00| 0 eng d | ||
| 020 | _a0799303232 | ||
| 041 | _aAfrikaans | ||
| 082 | _a346.5 BOU | ||
| 100 |
_aBouwer, APJ _lAfrikaans |
||
| 245 |
_aDie Beredderingsproses van Bestorwe Boedels / _cAPJ Bouwer |
||
| 250 | _aTweede Uitgawe | ||
| 260 |
_aPretoria : _bJ.P. van der Walt en Seun (EDMS) Bpk, _c1978 |
||
| 300 |
_b654 pages ; _c24 cm. |
||
| 650 |
_aLegal practice _bLaw |
||
| 942 |
_cBK _6ALISON_BN_VRIES |
||
| 999 |
_c337 _d337 |
||